| 000 | 00442nam a2200133Ia 4500 | ||
|---|---|---|---|
| 008 | 170516s9999 xx 000 0 und d | ||
| 245 | _aLateral Thoracic Artery Pseudoaneurysm as a Result of Penetrating Chest Trauma | ||
| 260 | _bJournal of Radiology s | ||
| 260 | _c2017 | ||
| 300 | _a11:1 | ||
| 650 | _xRadiologic Technology | ||
| 650 | _xRadtech | ||
| 856 | _uhttp://www.radiologycases.com/index.php/radiologycases/issue/view/129/showToc | ||
| 999 |
_c332564 _d332564 |
||